Statistiques concernant Noms de famille dans Harry Potter

Cliquez ici pour prendre le quiz!

Statistiques générales

  • Ce quiz a été pris 93 524 fois
  • Le résultat moyen est 19 sur 24

Statistiques - réponses

PrénomNom% Correct
HarryPotter
100%
HermioneGranger
97%
DragoMalefoy
97%
SiriusBlack
94%
SeverusRogue
94%
AlbusDumbledore
93%
RonWeasley
93%
BellatrixLestrange
91%
LunaLovegood
84%
DoloresOmbrage
83%
NevilleLondubat
82%
MinervaMcGonagall
80%
RubeusHagrid
80%
RemusLupin
80%
CedricDiggory
79%
ChoChang
78%
ViktorKrum
78%
AlastorMaugrey
71%
DudleyDursley
69%
GilderoyLockhart
63%
HelgaPoufsouffle
58%
RitaSkeeter
55%
SybilleTrelawney
54%
FiliusFlitwick
46%

Distribution des résultats

Percentile par nombre de réponses

% des personnes avec chaque résultat

Votre développement - résultats

Vous n’avez pas pris ce quiz